000 01324cad a2200265 4500
001 L158927
008 100215n2013 000 0 eng u
020 _a9781783210305
035 _a(Sirsi) u158927
041 _aeng
100 1 _aAdshead, Julie
111 2 _aConstruction and Building Research Conference
_cIIT Delhi, New Delhi
_d10-12 September 2013
245 0 4 _aCompeting legal ideologies and sustainability in the prevention and control of water pollution
_h[electronic resource]
260 _aLondon
_bRICS
_c2013
490 0 _aCOBRA
_v2013
520 _aA paper presented at the COBRA Conference in New Delhi on 10-12 September 2013. Undertakes an examination and analysis of a few key areas of the law governing water protection and remediation in a EU and UK context.
650 2 4 _aCONSTRUCTION AND BUILDING RESEARCH CONFERENCE (COBRA)
650 2 4 _aWATER POLLUTION
650 2 4 _aPlanning and development
_96259
650 2 4 _aSustainability
_96271
651 4 _aUnited Kingdom
_y
690 _aEnvironment
_96238
856 4 0 _uhttps://www.rics.org/Global/Paper%20186%20COMPETING%20LEGAL%20IDEOLOGIES%20AND%20SUSTAINABILITY%20IN%20THE%20PREVENTION%20AND%20CONTROL%20OF%20WATER%20POLLUTION.pdf
_zView this item free of charge at www.rics.org
_zView this item free of charge at www.rics.org
942 _n0
999 _c115591
_d115591